000
00277nam a2200097Ia 4500
008
220204s9999 xx 000 0 und d
082
_a
66(035)(540)
_b
HAN
245
0
_a
Handbook of indegenous manufacturers
260
_a
India
_b
Ministry of Commerce and Industry
_c
1954
942
_c
BK
999
_c
19804
_d
19804